| 000 | 01201cab a2200253 4500 | ||
|---|---|---|---|
| 001 | ABS46032 | ||
| 008 | 090401t1992 xxu||||| |||| 00| 0 eng d | ||
| 035 | _a(Sirsi) u56459 | ||
| 041 | _aeng | ||
| 100 | _aGeorge, T.J. | ||
| 245 | _aDesign and construction of Broadgate, phases 1-4 | ||
| 260 | _c1992 | ||
| 350 | _a0 | ||
| 490 |
_aStructural Engineer _v70(6) 17 March 1992, 104-113(10) |
||
| 520 | _aDescribes structural design and related construction matters of the first four phases of the Broadgate development situated adjacent to Liverpool Street Station in London. Aspects of the design discussed include the bored pile foundations, reinforced concrete basement, consideration of heave, composite construction frame, atrium steelwork, the central square and details of the icerink construction. The interface with British Rail and below ground structures of London Underground is also considered. (Journal Abstract) | ||
| 650 | _aBROADGATE | ||
| 650 | _aLIVERPOOL STREET STATION | ||
| 650 | _aPILE FOUNDATIONS | ||
| 650 | _aREINFORCED CONCRETE BASEMENTS | ||
| 650 | _aSTRUCTURAL DESIGN | ||
| 690 | _aBUILT ENVIRONMENT-CONSTRUCTION DESIGN | ||
| 942 | _n0 | ||
| 948 | _c04/03/1997 | ||
| 999 |
_c34431 _d34431 |
||